[Event "Scarborough CC ch Reserves"]
[Site "Toronto CAN"]
[Date "2012.03.22"]
[Round "1"]
[White "Wang, Eric1"]
[Black "Gillis, Doug"]
[Result "1-0"]
[WhiteElo "1779"]
[BlackElo "1610"]
[PlyCount "87"]
[GameId "2160767909510083"]
[EventDate "2012.03.22"]
[EventType "swiss"]
[EventRounds "9"]
[EventCountry "CAN"]
[SourceTitle "EXT 2022"]
[Source "ChessBase"]
[SourceDate "2021.10.06"]
[SourceVersion "1"]
[SourceVersionDate "2021.10.06"]
[SourceQuality "1"]

1. d4 e6 2. c4 Bb4+ 3. Nd2 Nc6 4. Ngf3 Nf6 5. g3 O-O 6. Bg2 Ne4 7. O-O Nxd2 8. Bxd2 Qe7 9. Rc1 Bxd2 10. Qxd2 d5 11. Rfd1 Rd8 12. Qc3 Bd7 13. a3 a5 14. Nd2 Be8 15. Qe3 Qf6 16. Nf3 a4 17. Ne5 Nxe5 18. dxe5 Qe7 19. cxd5 exd5 20. Rxd5 c6 21. Rdd1 Ra5 22. Rxd8 Qxd8 23. e6 fxe6 24. Qxe6+ Bf7 25. Qe3 Rb5 26. Qc3 Rb3 27. Qc2 Bg6 28. Qc4+ Bf7 29. Qxa4 Rxb2 30. Bf3 Rd2 31. Kg2 Bd5 32. e4 Be6 33. Rd1 Rxd1 34. Bxd1 g6 35. Bb3 Kf7 36. Bxe6+ Kxe6 37. Qb3+ Ke5 38. Qxb7 Qd6 39. Qxh7 Kxe4 40. Qf7 c5 41. Qf3+ Kd4 42. Qd1+ Ke5 43. Qxd6+ Kxd6 44. Kf1 1-0

[Event "Scarborough CC ch Reserves"]
[Site "Toronto CAN"]
[Date "2012.03.22"]
[Round "1"]
[White "Ward, Dean"]
[Black "Liang, Phillip"]
[Result "0-1"]
[WhiteElo "1725"]
[BlackElo "1584"]
[PlyCount "92"]
[GameId "2160767909510084"]
[EventDate "2012.03.22"]
[EventType "swiss"]
[EventRounds "9"]
[EventCountry "CAN"]
[SourceTitle "EXT 2022"]
[Source "ChessBase"]
[SourceDate "2021.10.06"]
[SourceVersion "1"]
[SourceVersionDate "2021.10.06"]
[SourceQuality "1"]

1. d4 e6 2. c4 Bb4+ 3. Bd2 Qe7 4. Nc3 Nf6 5. Qc2 Bxc3 6. Bxc3 d6 7. Nf3 Nbd7 8. g3 O-O 9. Bg2 e5 10. Nd2 exd4 11. Bxd4 Re8 12. e3 c6 13. O-O Ne5 14. Rfe1 Be6 15. h3 c5 16. Bc3 Qd7 17. Kh2 Qe7 18. Rad1 Rad8 19. a3 Nc6 20. Qa4 d5 21. b4 d4 22. exd4 cxd4 23. Bb2 Qc7 24. Qc2 Ne5 25. c5 b6 26. Ne4 Nxe4 27. Bxe4 bxc5 28. bxc5 Bd5 29. Bxd5 Rxd5 30. Qe4 Red8 31. f4 Ng6 32. Bxd4 Qd7 33. f5 Nf8 34. c6 Qxc6 35. Rd2 Qc4 36. Red1 R5d7 37. Qg4 f6 38. Be3 Rxd2+ 39. Rxd2 Rxd2+ 40. Bxd2 Qa2 41. Qb4 Qd5 42. g4 Qe5+ 43. Qf4 Qe2+ 44. Kg3 Qd3+ 45. Kh4 g5+ 46. fxg6 Nxg6+ 0-1

[Event "Scarborough CC ch Reserves"]
[Site "Toronto CAN"]
[Date "2012.03.22"]
[Round "1"]
[White "Zhang, John"]
[Black "Song, Eric"]
[Result "1-0"]
[WhiteElo "1751"]
[BlackElo "1625"]
[PlyCount "85"]
[GameId "2160767909510085"]
[EventDate "2012.03.22"]
[EventType "swiss"]
[EventRounds "9"]
[EventCountry "CAN"]
[SourceTitle "EXT 2022"]
[Source "ChessBase"]
[SourceDate "2021.10.06"]
[SourceVersion "1"]
[SourceVersionDate "2021.10.06"]
[SourceQuality "1"]

1. e4 e5 2. Nf3 Nc6 3. Bb5 a6 4. Ba4 Nf6 5. O-O Be7 6. Re1 b5 7. Bb3 d6 8. c3 Bg4 9. d4 exd4 10. cxd4 Bxf3 11. gxf3 O-O 12. Nc3 h6 13. Kh1 Qd7 14. Rg1 Kh8 15. Be3 Nh7 16. Nd5 f5 17. Rc1 Bd8 18. Rxc6 f4 19. Nxf4 Rxf4 20. Bxf4 Bh4 21. Rc2 Rf8 22. Bg3 Bxg3 23. Rxg3 Ng5 24. Qe2 Ne6 25. Bxe6 Qxe6 26. Rxc7 Rf7 27. Rxf7 Qxf7 28. Qc2 Qd7 29. d5 b4 30. Qc6 Qd8 31. Qxa6 g5 32. Qb7 Qa5 33. Qc8+ Kg7 34. Qd7+ Kh8 35. Qe8+ Kg7 36. Qe7+ Kg8 37. Qxd6 Kg7 38. h4 Qb5 39. Kg2 b3 40. axb3 Kf7 41. hxg5 h5 42. g6+ Kg7 43. Qe7+ 1-0

[Event "Scarborough CC ch Reserves"]
[Site "Toronto CAN"]
[Date "2012.03.22"]
[Round "1"]
[White "Zhao, Harry"]
[Black "Bellomo, Joe"]
[Result "0-1"]
[WhiteElo "1371"]
[BlackElo "1533"]
[PlyCount "78"]
[GameId "2160767909510086"]
[EventDate "2012.03.22"]
[EventType "swiss"]
[EventRounds "9"]
[EventCountry "CAN"]
[SourceTitle "EXT 2022"]
[Source "ChessBase"]
[SourceDate "2021.10.06"]
[SourceVersion "1"]
[SourceVersionDate "2021.10.06"]
[SourceQuality "1"]

1. e4 c5 2. Nf3 d6 3. d4 cxd4 4. Nxd4 Nf6 5. Nc3 a6 6. Be3 Nc6 7. Be2 Bd7 8. O-O e6 9. Nf3 b5 10. Bd3 Be7 11. a3 O-O 12. Rc1 Rc8 13. a4 b4 14. Ne2 a5 15. b3 Ng4 16. Bf4 e5 17. Bg3 Nf6 18. c3 Nh5 19. Nd2 Nxg3 20. Nxg3 bxc3 21. Rxc3 Nb4 22. Rxc8 Qxc8 23. Nc4 Nxd3 24. Qxd3 Qc5 25. Rd1 Bg4 26. Rd2 Bg5 27. Rc2 Rc8 28. h3 Be6 29. Kh1 Rd8 30. Ne3 Qb4 31. Nd5 Bxd5 32. Qxd5 h6 33. Rc7 Rf8 34. Rd7 Qe1+ 35. Kh2 Qxf2 36. Qxa5 Be3 37. h4 Qf4 38. Kh3 g5 39. Nf5 g4# 0-1

[Event "Scarborough CC ch Reserves"]
[Site "Toronto CAN"]
[Date "2012.03.29"]
[Round "2"]
[White "Bellomo, Joe"]
[Black "Ward, Dean"]
[Result "0-1"]
[WhiteElo "1533"]
[BlackElo "1725"]
[PlyCount "146"]
[GameId "2160767909510087"]
[EventDate "2012.03.22"]
[EventType "swiss"]
[EventRounds "9"]
[EventCountry "CAN"]
[SourceTitle "EXT 2022"]
[Source "ChessBase"]
[SourceDate "2021.10.06"]
[SourceVersion "1"]
[SourceVersionDate "2021.10.06"]
[SourceQuality "1"]

1. e4 e6 2. d4 d5 3. Nc3 dxe4 4. Nxe4 Bd7 5. Nf3 Bc6 6. Bd3 Nd7 7. O-O Be7 8. Bf4 Ngf6 9. Nxf6+ Nxf6 10. c3 O-O 11. Ne5 Be4 12. Be2 b6 13. Re1 Bb7 14. Bf1 c5 15. Be3 cxd4 16. Bxd4 Qc7 17. Ng4 Rad8 18. Qe2 Qf4 19. Ne5 Bd6 20. g3 Qf5 21. f4 Nd7 22. Nxd7 Rxd7 23. Bg2 Bxg2 24. Qxg2 Rfd8 25. Qe4 Bc5 26. Qxf5 Bxd4+ 27. cxd4 exf5 28. Rad1 g6 29. Rc1 Kf8 30. Rc2 Rxd4 31. Ree2 R8d7 32. Kg2 Re4 33. Rf2 Rde7 34. Rfd2 f6 35. Kf2 Kf7 36. Rc8 g5 37. fxg5 fxg5 38. Rc3 h6 39. Rf3 Kg6 40. h3 R7e6 41. Rc2 a5 42. Rfc3 f4 43. g4 Kf6 44. Rd3 Re3 45. Rxe3 Rxe3 46. Rc6+ Re6 47. Rc3 Ke5 48. Rc2 Kd4 49. Rd2+ Kc4 50. Rd8 Kc5 51. Rc8+ Rc6 52. Re8 b5 53. Re5+ Kb4 54. a3+ Ka4 55. b3+ Kxb3 56. Rxb5+ Ka4 57. Rd5 Rc2+ 58. Kg1 Rc3 59. Kg2 Rxa3 60. Rd6 Rg3+ 61. Kh2 Ka3 62. Rxh6 Rb3 63. Rg6 Rb5 64. Rf6 Kb4 65. h4 gxh4 66. Rxf4+ Kb3 67. Kh3 a4 68. Kxh4 a3 69. g5 Rb4 70. Rxb4+ Kxb4 71. g6 a2 72. g7 a1=Q 73. g8=Q Qh1+ 0-1

[Event "Scarborough CC ch Reserves"]
[Site "Toronto CAN"]
[Date "2012.03.29"]
[Round "2"]
[White "Crnilovic, Grisha"]
[Black "Zhong, Joey"]
[Result "0-1"]
[WhiteElo "1558"]
[BlackElo "1566"]
[PlyCount "58"]
[GameId "2160767909510088"]
[EventDate "2012.03.22"]
[EventType "swiss"]
[EventRounds "9"]
[EventCountry "CAN"]
[SourceTitle "EXT 2022"]
[Source "ChessBase"]
[SourceDate "2021.10.06"]
[SourceVersion "1"]
[SourceVersionDate "2021.10.06"]
[SourceQuality "1"]

1. e4 e6 2. d4 d5 3. Nc3 Bb4 4. e5 c5 5. a3 Bxc3+ 6. bxc3 Ne7 7. Qg4 cxd4 8. cxd4 Qc7 9. Kd1 Nbc6 10. Nf3 Bd7 11. Qxg7 Rg8 12. Qxh7 Nxd4 13. Bb2 Nxf3 14. gxf3 Rc8 15. h4 Qc5 16. Qd3 Qxf2 17. Bd4 Qg3 18. h5 Qf4 19. Qe3 Qxe3 20. Bxe3 Nf5 21. Bxa7 d4 22. Bd3 Ne3+ 23. Kd2 Rg2+ 24. Ke1 Nxc2+ 25. Kf1 Ne3+ 26. Ke1 Nc2+ 27. Kf1 Rd2 28. h6 Nxa1 29. h7 Rc1# 0-1

[Event "Scarborough CC ch Reserves"]
[Site "Toronto CAN"]
[Date "2012.03.29"]
[Round "2"]
[White "Dattani, Dinesh"]
[Black "Morra, Lui"]
[Result "1-0"]
[WhiteElo "1359"]
[BlackElo "1719"]
[PlyCount "39"]
[GameId "2160767909510089"]
[EventDate "2012.03.22"]
[EventType "swiss"]
[EventRounds "9"]
[EventCountry "CAN"]
[SourceTitle "EXT 2022"]
[Source "ChessBase"]
[SourceDate "2021.10.06"]
[SourceVersion "1"]
[SourceVersionDate "2021.10.06"]
[SourceQuality "1"]

1. e4 c5 2. Nf3 e6 3. d4 cxd4 4. Nxd4 a6 5. Nc3 Qc7 6. Be3 Nf6 7. Be2 Bb4 8. Bd2 Bxc3 9. Bxc3 Nxe4 10. Bb4 Qb6 11. c3 e5 12. Qd3 Nc5 13. Qg3 O-O 14. Nf5 g6 15. Ne7+ Kg7 16. Qxe5+ f6 17. Qxc5 Qe6 18. Nxc8 Re8 19. Qe3 Qf7 20. Nd6 1-0

[Event "Scarborough CC ch Reserves"]
[Site "Toronto CAN"]
[Date "2012.03.29"]
[Round "2"]
[White "Huston, Scott"]
[Black "Aghamalian, Derick"]
[Result "1-0"]
[WhiteElo "1756"]
[BlackElo "1614"]
[PlyCount "95"]
[GameId "2160767909510090"]
[EventDate "2012.03.22"]
[EventType "swiss"]
[EventRounds "9"]
[EventCountry "CAN"]
[SourceTitle "EXT 2022"]
[Source "ChessBase"]
[SourceDate "2021.10.06"]
[SourceVersion "1"]
[SourceVersionDate "2021.10.06"]
[SourceQuality "1"]

1. d4 Nf6 2. c4 e6 3. Nc3 c5 4. Bg5 h6 5. Bh4 Nc6 6. e3 b6 7. Nf3 Bb7 8. d5 Ne7 9. Bxf6 gxf6 10. d6 Nc6 11. Nb5 Rc8 12. Nc7+ Rxc7 13. dxc7 Qxc7 14. Qd2 Ne5 15. Nxe5 Qxe5 16. O-O-O Bc6 17. f4 Qc7 18. Rg1 Rg8 19. g4 f5 20. g5 Be7 21. h4 hxg5 22. fxg5 Rh8 23. Qf2 Bf8 24. Bg2 Ba4 25. b3 Bc6 26. Bxc6 dxc6 27. g6 Qe5 28. Qg3 Qxg3 29. Rxg3 fxg6 30. Rxg6 Kf7 31. Rg3 Ke8 32. Rh3 Be7 33. h5 Rh7 34. Kc2 b5 35. h6 Bf8 36. Kd3 Kf7 37. e4 Kf6 38. Rf1 Ke5 39. exf5 exf5 40. Rh5 Rxh6 41. Rhxf5+ Ke6 42. Rxf8 Rh3+ 43. R8f3 Rh2 44. R1f2 Rh1 45. Rf6+ Ke7 46. Rf7+ Ke6 47. Rxa7 Rd1+ 48. Rd2 1-0

[Event "Scarborough CC ch Reserves"]
[Site "Toronto CAN"]
[Date "2012.03.29"]
[Round "2"]
[White "Kurkowski, Ken"]
[Black "Lin, Benjamin1"]
[Result "1-0"]
[WhiteElo "1556"]
[BlackElo "1345"]
[PlyCount "63"]
[GameId "2160767909510091"]
[EventDate "2012.03.22"]
[EventType "swiss"]
[EventRounds "9"]
[EventCountry "CAN"]
[SourceTitle "EXT 2022"]
[Source "ChessBase"]
[SourceDate "2021.10.06"]
[SourceVersion "1"]
[SourceVersionDate "2021.10.06"]
[SourceQuality "1"]

1. d4 d5 2. c4 c6 3. Nf3 Nf6 4. Nc3 e6 5. Bg5 Be7 6. cxd5 exd5 7. Qc2 h6 8. Bh4 Nbd7 9. e3 O-O 10. Bd3 c5 11. O-O c4 12. Bf5 Nb6 13. Ne5 Bxf5 14. Qxf5 Rc8 15. f4 Nh7 16. Bxe7 Qxe7 17. Rf3 Qf6 18. Qg4 Kh8 19. Rg3 Rg8 20. Qf3 Rgd8 21. Re1 Qe6 22. e4 dxe4 23. Rxe4 Qf6 24. Qg4 Nf8 25. Qh5 Rc7 26. Rg5 Qe7 27. Rf5 Kg8 28. Nxf7 Qd7 29. Nxd8 Qxd8 30. Rfe5 Rc8 31. Re7 Nbd7 32. Qf7+ 1-0

[Event "Scarborough CC ch Reserves"]
[Site "Toronto CAN"]
[Date "2012.03.29"]
[Round "2"]
[White "Liang, Phillip"]
[Black "Fan, Yibing"]
[Result "0-1"]
[WhiteElo "1745"]
[BlackElo "1584"]
[PlyCount "144"]
[GameId "2160767909510092"]
[EventDate "2012.03.22"]
[EventType "swiss"]
[EventRounds "9"]
[EventCountry "CAN"]
[SourceTitle "EXT 2022"]
[Source "ChessBase"]
[SourceDate "2021.10.06"]
[SourceVersion "1"]
[SourceVersionDate "2021.10.06"]
[SourceQuality "1"]

1. d4 Nf6 2. Nc3 e6 3. Nf3 Bb4 4. Qd3 Nc6 5. a3 Be7 6. e4 d5 7. e5 Nd7 8. Qd1 a6 9. Bd3 Na7 10. Ne2 c5 11. c3 c4 12. Bb1 Nc6 13. b4 cxb3 14. Qxb3 Qb6 15. Qc2 Na5 16. Ba2 Nc4 17. Bxc4 dxc4 18. Rb1 Qc6 19. Ng3 Nb6 20. O-O Nd5 21. Ne4 Bd7 22. Re1 Rb8 23. Ng3 Qa4 24. Qd2 Qa5 25. Ne2 Ba4 26. Bb2 Qd8 27. Bc1 Bb3 28. Nf4 h6 29. Nxd5 Qxd5 30. Qe2 g5 31. Nd2 Bc2 32. Rb2 Bd3 33. Qf3 Qxf3 34. gxf3 Bxa3 35. Rb6 Be7 36. Kg2 Bd8 37. Rd6 Bc7 38. Ba3 Bxd6 39. Bxd6 Rc8 40. Ra1 Rc6 41. Ne4 Bxe4 42. fxe4 Kd7 43. d5 exd5 44. exd5 Rxd6 45. exd6 Kxd6 46. Rd1 b5 47. Kf3 a5 48. Rb1 Rb8 49. Ke4 Re8+ 50. Kd4 f5 51. f3 Rb8 52. Re1 b4 53. Re6+ Kd7 54. Kxc4 Rc8+ 55. Rc6 Rxc6+ 56. dxc6+ Kxc6 57. cxb4 axb4 58. Kxb4 Kd5 59. Kc3 Ke5 60. Kd2 Kd4 61. Ke2 Kc3 62. f4 Kd4 63. fxg5 hxg5 64. h3 Ke4 65. Kf2 Kf4 66. Kg2 Ke3 67. Kg3 f4+ 68. Kg4 f3 69. Kxg5 f2 70. h4 f1=Q 71. h5 Qg2+ 72. Kh6 Qg4 0-1

[Event "Scarborough CC ch Reserves"]
[Site "Toronto CAN"]
[Date "2012.03.29"]
[Round "2"]
[White "Mourgelas, James"]
[Black "Mesiti, Silvano"]
[Result "1-0"]
[WhiteElo "1445"]
[BlackElo "1550"]
[PlyCount "82"]
[GameId "2160767909510093"]
[EventDate "2012.03.22"]
[EventType "swiss"]
[EventRounds "9"]
[EventCountry "CAN"]
[SourceTitle "EXT 2022"]
[Source "ChessBase"]
[SourceDate "2021.10.06"]
[SourceVersion "1"]
[SourceVersionDate "2021.10.06"]
[SourceQuality "1"]

1. e4 e5 2. Nf3 d6 3. h3 Nf6 4. Nc3 Be7 5. Bc4 O-O 6. O-O Nc6 7. Re1 Be6 8. Nd5 Nxd5 9. exd5 Na5 10. dxe6 Nxc4 11. d3 Nb6 12. exf7+ Rxf7 13. Re4 Nd5 14. Be3 Qd7 15. Qd2 Raf8 16. Re1 Rxf3 17. gxf3 Rxf3 18. Rg4 Rxh3 19. Rg2 Qf5 20. Bg5 Bxg5 21. Qxg5 Qd7 22. Qg4 Qxg4 23. Rxg4 Nf4 24. d4 Rh5 25. dxe5 dxe5 26. Re3 Kf7 27. Rf3 Rh6 28. Re3 Kf6 29. Rgg3 g5 30. Re1 Kf5 31. Rge3 Re6 32. f3 h5 33. Kh2 Ng6 34. Rd1 Re7 35. Rd5 Nf4 36. Rd2 Ne6 37. c3 Nf4 38. b4 Ne6 39. a4 Nf4 40. Rd8 c6 41. a5 a6 1-0

[Event "Scarborough CC ch Reserves"]
[Site "Toronto CAN"]
[Date "2012.03.29"]
[Round "2"]
[White "Pishdad, Hassan"]
[Black "Karpik, Steve"]
[Result "0-1"]
[WhiteElo "1394"]
[BlackElo "1447"]
[PlyCount "108"]
[GameId "2160767909510094"]
[EventDate "2012.03.22"]
[EventType "swiss"]
[EventRounds "9"]
[EventCountry "CAN"]
[SourceTitle "EXT 2022"]
[Source "ChessBase"]
[SourceDate "2021.10.06"]
[SourceVersion "1"]
[SourceVersionDate "2021.10.06"]
[SourceQuality "1"]

1. d4 Nf6 2. c4 g6 3. Nc3 Bg7 4. e3 O-O 5. Nf3 d5 6. Bd3 c6 7. h3 Re8 8. O-O Nbd7 9. cxd5 Nxd5 10. Nxd5 cxd5 11. Bb5 a6 12. Qa4 Nb6 13. Qa5 axb5 14. Qxb5 Bd7 15. Qc5 e6 16. b3 Bf8 17. Qc2 Bb5 18. Rd1 Bb4 19. a3 Rc8 20. Qa2 Bc3 21. Rb1 Rc7 22. a4 Ba6 23. Ba3 f6 24. Rdc1 Qd7 25. Bc5 Ba5 26. Bxb6 Bxb6 27. a5 Ba7 28. Qd2 Rec8 29. Rxc7 Rxc7 30. Rc1 b6 31. Nh2 bxa5 32. Ng4 Kg7 33. Rc3 Qc8 34. Rxc7+ Qxc7 35. f4 h5 36. Nf2 Bb6 37. Nd3 Bxd3 38. Qxd3 f5 39. Kh2 g5 40. g3 g4 41. h4 Kf6 42. Kg2 Qc6 43. Qb1 Bc7 44. Qa2 Qc3 45. Kf2 Bd6 46. Ke2 Bb4 47. Kf2 Qd2+ 48. Qxd2 Bxd2 49. Ke2 Bb4 50. Kf1 Ke7 51. Ke2 Kd6 52. Kf1 Kc6 53. Ke2 Kb5 54. Kf2 Ba3 0-1

[Event "Scarborough CC ch Reserves"]
[Site "Toronto CAN"]
[Date "2012.03.29"]
[Round "2"]
[White "Smith, Maurice"]
[Black "Zhao, Yanchun"]
[Result "0-1"]
[WhiteElo "1468"]
[BlackElo "1409"]
[PlyCount "166"]
[GameId "2160767909510095"]
[EventDate "2012.03.22"]
[EventType "swiss"]
[EventRounds "9"]
[EventCountry "CAN"]
[SourceTitle "EXT 2022"]
[Source "ChessBase"]
[SourceDate "2021.10.06"]
[SourceVersion "1"]
[SourceVersionDate "2021.10.06"]
[SourceQuality "1"]

1. Nf3 d5 2. d4 Nf6 3. c4 e6 4. Bg5 Be7 5. Nc3 a6 6. e3 O-O 7. Bd3 Nbd7 8. O-O c5 9. Rc1 cxd4 10. Nxd4 dxc4 11. Bxc4 Ne5 12. Be2 h6 13. Bf4 Ng6 14. Bg3 Qd7 15. Qc2 Bd6 16. Bxd6 Qxd6 17. Rfd1 Qe7 18. g3 e5 19. Nf3 e4 20. Nd4 Bh3 21. Bf1 Bg4 22. Rd2 Rac8 23. Qb1 Rfd8 24. Bg2 Re8 25. h3 Bd7 26. Rcd1 Nf8 27. Nde2 Bc6 28. Nd4 Bd7 29. Nde2 Rcd8 30. Nf4 Ne6 31. Ncd5 Nxd5 32. Nxd5 Qg5 33. Nf6+ Qxf6 34. Rxd7 Rxd7 35. Rxd7 Nc5 36. Rd4 Nd3 37. Qc2 Ne1 38. Qd1 Nxg2 39. Kxg2 g6 40. b3 h5 41. Rd7 b5 42. Rd6 Re6 43. Rd4 h4 44. Qg4 hxg3 45. fxg3 Qe5 46. Qh4 Kg7 47. Qg4 f5 48. Qg5 Rd6 49. Rxd6 Qxd6 50. h4 Qd2+ 51. Kg1 Qc1+ 52. Kg2 Qb2+ 53. Kg1 Qb1+ 54. Kg2 Qxa2+ 55. Kg1 Qxb3 56. Qe7+ Qf7 57. Qe5+ Kh7 58. Qd6 a5 59. Qb6 a4 60. Qxb5 a3 61. Qe5 a2 62. Qa5 Qb3 63. Qc7+ Kh6 64. Qf4+ Kg7 65. Qe5+ Kf7 66. Qc7+ Ke6 67. Qc8+ Kd6 68. Qf8+ Kc6 69. Qc8+ Kb5 70. Qd7+ Kc4 71. Qd4+ Kb5 72. Qd7+ Kb4 73. Qd2+ Ka3 74. Qc1+ Qb2 75. Qc5+ Qb4 76. Qc1+ Ka4 77. Qc2+ Ka3 78. Qc1+ Ka4 79. Qc2+ Qb3 80. Qc6+ Kb4 81. Qd6+ Kc3 82. Qd4+ Kc2 83. Qc5+ Qc3 0-1

[Event "Scarborough CC ch Reserves"]
[Site "Toronto CAN"]
[Date "2012.03.29"]
[Round "2"]
[White "Song, Eric"]
[Black "Super, Russell"]
[Result "1-0"]
[WhiteElo "1625"]
[BlackElo "1397"]
[PlyCount "57"]
[GameId "2160767909510096"]
[EventDate "2012.03.22"]
[EventType "swiss"]
[EventRounds "9"]
[EventCountry "CAN"]
[SourceTitle "EXT 2022"]
[Source "ChessBase"]
[SourceDate "2021.10.06"]
[SourceVersion "1"]
[SourceVersionDate "2021.10.06"]
[SourceQuality "1"]

1. e4 e5 2. Nf3 Nc6 3. Bb5 a6 4. Ba4 Nf6 5. O-O b5 6. Bb3 Be7 7. Re1 O-O 8. c3 d6 9. h3 Be6 10. Bxe6 fxe6 11. d4 exd4 12. Nxd4 Nxd4 13. cxd4 d5 14. exd5 exd5 15. Be3 Qd7 16. a3 Ne4 17. Nd2 Nd6 18. Rc1 Nc4 19. Nxc4 dxc4 20. Qc2 Rac8 21. Rcd1 Rf5 22. Kh1 Rd5 23. Qe4 Bf6 24. Bf4 Rxd4 25. Rxd4 Qxd4 26. Qe6+ Kf8 27. Qxc8+ Bd8 28. Be3 Qxb2 29. Bc5+ 1-0

[Event "Scarborough CC ch Reserves"]
[Site "Toronto CAN"]
[Date "2012.03.29"]
[Round "2"]
[White "Thanabalachandran, Kajan"]
[Black "Zhao, Harry"]
[Result "0-1"]
[WhiteElo "1548"]
[BlackElo "1371"]
[PlyCount "94"]
[GameId "2160767909510097"]
[EventDate "2012.03.22"]
[EventType "swiss"]
[EventRounds "9"]
[EventCountry "CAN"]
[SourceTitle "EXT 2022"]
[Source "ChessBase"]
[SourceDate "2021.10.06"]
[SourceVersion "1"]
[SourceVersionDate "2021.10.06"]
[SourceQuality "1"]

1. e4 c5 2. Nf3 Nc6 3. d4 cxd4 4. Nxd4 Nf6 5. Nc3 a6 6. f3 e6 7. a3 Be7 8. Be3 O-O 9. Qd2 b5 10. O-O-O Bb7 11. Na2 Rc8 12. g4 d5 13. Nxc6 Bxc6 14. Nb4 dxe4 15. Nxc6 Qxd2+ 16. Rxd2 Rxc6 17. g5 Nd5 18. h4 Nxe3 19. fxe4 Nxf1 20. Rxf1 Bc5 21. Rd7 Rd6 22. Rc7 Bb6 23. Rb7 g6 24. c3 Be3+ 25. Kb1 Rd2 26. Rf3 Bf2 27. Rf4 e5 28. Rg4 Rd1+ 29. Kc2 Rh1 30. Re7 Rxh4 31. Rg2 Bc5 32. Rxe5 Rc8 33. Rd2 Rg4 34. Rdd5 Be3 35. Rd7 Bxg5 36. Ra7 Rc6 37. Re8+ Kg7 38. Rea8 Rxe4 39. Rxa6 Rxa6 40. Rxa6 h5 41. Ra5 Re5 42. c4 Bd8 43. Rxb5 Rxb5 44. cxb5 h4 45. b4 h3 46. a4 h2 47. a5 h1=Q 0-1

[Event "Scarborough CC ch Reserves"]
[Site "Toronto CAN"]
[Date "2012.03.29"]
[Round "2"]
[White "Tismenko, Dennis"]
[Black "Azmitia, Gabriel"]
[Result "1-0"]
[WhiteElo "1419"]
[BlackElo "1521"]
[PlyCount "139"]
[GameId "2160767909510098"]
[EventDate "2012.03.22"]
[EventType "swiss"]
[EventRounds "9"]
[EventCountry "CAN"]
[SourceTitle "EXT 2022"]
[Source "ChessBase"]
[SourceDate "2021.10.06"]
[SourceVersion "1"]
[SourceVersionDate "2021.10.06"]
[SourceQuality "1"]

1. e4 e6 2. d4 d6 3. Nf3 b6 4. Nc3 Bb7 5. Bc4 Nd7 6. O-O Ne7 7. e5 d5 8. Bd3 h6 9. h3 c6 10. Nh2 Qc7 11. Ne2 f6 12. f4 f5 13. b3 Ng6 14. Ng3 Be7 15. Qh5 Ndf8 16. Qd1 c5 17. c3 Nd7 18. Be2 Ngf8 19. Nh5 g6 20. Ng3 O-O-O 21. Ba3 h5 22. Nf3 Nh7 23. Nh1 Rdg8 24. h4 Nb8 25. Nf2 Nc6 26. c4 Rd8 27. cxd5 exd5 28. dxc5 bxc5 29. Qc2 Nb4 30. Bxb4 cxb4 31. Rac1 Qxc2 32. Rxc2+ Kb8 33. Rfc1 Rc8 34. Nd3 Rxc2 35. Rxc2 Rc8 36. Rxc8+ Bxc8 37. Nd4 Kb7 38. Bf3 Bxh4 39. Bxd5+ Kb6 40. Nc6 a5 41. e6 Bxe6 42. Ndxb4 axb4 43. Bxe6 Nf8 44. Bf7 Bf6 45. Nxb4 Bd4+ 46. Kf1 Kb5 47. Nd5 Kc5 48. Ne7 h4 49. Nxg6 Nxg6 50. Bxg6 Be3 51. Bxf5 Bxf4 52. Ke2 Kb4 53. Kf3 Bg3 54. Ke3 Ka3 55. Kd4 Kxa2 56. Kc4 Ka3 57. b4 Ka2 58. Kc5 Bf2+ 59. Kc4 Kb2 60. b5 Kc1 61. Kd5 Kd2 62. Kc6 Bg3 63. b6 Ke3 64. Kd7 Kf2 65. Bh3 Bf4 66. b7 Kg3 67. Kc8 Be5 68. b8=Q Bxb8 69. Kxb8 Kf4 70. Kc7 1-0

[Event "Scarborough CC ch Reserves"]
[Site "Toronto CAN"]
[Date "2012.03.29"]
[Round "2"]
[White "Triefeldt, Jack"]
[Black "Li, Yinshi"]
[Result "1/2-1/2"]
[WhiteElo "1806"]
[BlackElo "1777"]
[PlyCount "84"]
[GameId "2160767909510099"]
[EventDate "2012.03.22"]
[EventType "swiss"]
[EventRounds "9"]
[EventCountry "CAN"]
[SourceTitle "EXT 2022"]
[Source "ChessBase"]
[SourceDate "2021.10.06"]
[SourceVersion "1"]
[SourceVersionDate "2021.10.06"]
[SourceQuality "1"]

1. d4 d5 2. Nf3 Nf6 3. e3 Bf5 4. c4 e6 5. Qb3 Qc8 6. Nc3 c6 7. Nh4 Bg6 8. Nxg6 hxg6 9. Bd3 Be7 10. Bd2 O-O 11. O-O Nbd7 12. f4 b6 13. Rac1 dxc4 14. Qxc4 c5 15. Ne2 cxd4 16. Nxd4 Nc5 17. b4 Nxd3 18. Qxd3 Qb7 19. a3 Rfd8 20. Qe2 Rac8 21. Rfd1 Qe4 22. Qf3 Qxf3 23. gxf3 Rxc1 24. Rxc1 Rd7 25. Kf2 Nd5 26. Ke2 Bf6 27. Rc8+ Kh7 28. Nc2 g5 29. fxg5 Bxg5 30. Bc3 Nxc3+ 31. Rxc3 Bf6 32. Rc8 Kg6 33. Rc4 Be5 34. f4 Rc7 35. Rxc7 Bxc7 36. b5 Bd6 37. a4 Bc5 38. Kf3 Kf6 39. Ke4 g6 40. h4 Ke7 41. Ke5 Bd6+ 42. Ke4 Bc5 1/2-1/2

[Event "Scarborough CC ch Reserves"]
[Site "Toronto CAN"]
[Date "2012.03.29"]
[Round "2"]
[White "Verde, Pino"]
[Black "Ugodnikov, Arkadiy"]
[Result "1-0"]
[WhiteElo "1568"]
[BlackElo "1830"]
[PlyCount "81"]
[GameId "2160767909510100"]
[EventDate "2012.03.22"]
[EventType "swiss"]
[EventRounds "9"]
[EventCountry "CAN"]
[SourceTitle "EXT 2022"]
[Source "ChessBase"]
[SourceDate "2021.10.06"]
[SourceVersion "1"]
[SourceVersionDate "2021.10.06"]
[SourceQuality "1"]

1. e4 e5 2. Nf3 Nc6 3. Bc4 Bc5 4. c3 Nf6 5. d3 d6 6. a4 a5 7. Qb3 O-O 8. O-O Rb8 9. Ng5 Qe7 10. Be3 h6 11. Nf3 Bg4 12. Nh4 Nxe4 13. Ng6 Qf6 14. Nxf8 Kxf8 15. dxe4 b6 16. Nd2 Ne7 17. Bxc5 dxc5 18. f3 Bd7 19. Rad1 Ng6 20. Nb1 Bc6 21. Bb5 Bxb5 22. Qxb5 Nf4 23. Rd2 Qg5 24. Qd7 Ne6 25. Qd3 Re8 26. Re1 Nf4 27. Qe3 Qg6 28. Kh1 Kg8 29. g3 Ne6 30. Rg2 Rd8 31. Nd2 f6 32. f4 Qe8 33. fxe5 fxe5 34. Nc4 Ng5 35. b3 Qe6 36. Rf1 Nh7 37. Rgf2 Nf6 38. Rxf6 gxf6 39. Qxh6 Rf8 40. Qg6+ Kh8 41. Rf5 1-0

[Event "Scarborough CC ch Reserves"]
[Site "Toronto CAN"]
[Date "2012.03.29"]
[Round "2"]
[White "Xu, Jeffrey"]
[Black "Zhang, John"]
[Result "0-1"]
[WhiteElo "1665"]
[BlackElo "1751"]
[PlyCount "74"]
[GameId "2160767909510101"]
[EventDate "2012.03.22"]
[EventType "swiss"]
[EventRounds "9"]
[EventCountry "CAN"]
[SourceTitle "EXT 2022"]
[Source "ChessBase"]
[SourceDate "2021.10.06"]
[SourceVersion "1"]
[SourceVersionDate "2021.10.06"]
[SourceQuality "1"]

1. e4 e5 2. Nf3 Nc6 3. Bb5 a6 4. Ba4 Nf6 5. O-O Be7 6. Re1 b5 7. Bb3 O-O 8. a4 b4 9. d4 d6 10. dxe5 Nxe5 11. Nxe5 dxe5 12. Qxd8 Rxd8 13. c3 a5 14. f3 Ba6 15. Be3 c5 16. Nd2 Rab8 17. Bd1 bxc3 18. bxc3 Rb2 19. Nf1 Nd7 20. Bc1 Rb6 21. Ne3 Nf6 22. Bc2 c4 23. Rd1 Rxd1+ 24. Bxd1 Bc5 25. Kf1 Rd6 26. Bc2 g6 27. Rb1 Rd8 28. Ke2 Nh5 29. g3 Nf6 30. Ke1 Kg7 31. Ke2 h5 32. h4 Kf8 33. Ke1 Ke7 34. Ke2 Kd7 35. Ke1 Kc7 36. Ke2 Rb8 37. Rxb8 Kxb8 0-1